Life of Abraham Lincoln : presenting his early history, political career, and speeches in and out of Congress; also, a general view of his policy as president of the United States; with his messages, proclamations, letters, etc., and a history of his eventful administration, and of the scenes attendant upon his tragic and lamented demise /
| Main Author: | |
|---|---|
| Format: | eBook |
| Language: | English |
| Published: |
Cincinnati :
Moore, Wilstach and Baldwin,
1865.
|
| Series: | Slavery in America and the world: history, culture & law.
Core collection. U.S. presidential library. Spinelli's law library reference shelf. |
| Subjects: | |
| Online Access: | Connect to the full text of this electronic book |
MARC
| Tag | First Indicator | Second Indicator | Subfields |
|---|---|---|---|
| LEADER | 00000cam a2200000 i 4500 | ||
| 001 | in00004409435 | ||
| 005 | 20210123192037.0 | ||
| 006 | m fo d | ||
| 007 | cr bn nnnauuuu | ||
| 008 | 170514s1865 ohuc o 000 0beng d | ||
| 035 | |a ccn00799188 | ||
| 040 | |a NjRocCCS |b eng |e rda |c NjRocCCS | ||
| 043 | |a n-us--- | ||
| 050 | 4 | |a E457 |b .B37 1865 | |
| 100 | 1 | |a Barrett, Joseph H. |q (Joseph Hartwell), |d 1824-1910, |e author. | |
| 245 | 1 | 0 | |a Life of Abraham Lincoln : |b presenting his early history, political career, and speeches in and out of Congress; also, a general view of his policy as president of the United States; with his messages, proclamations, letters, etc., and a history of his eventful administration, and of the scenes attendant upon his tragic and lamented demise / |c by Joseph H. Barrett. |
| 264 | 1 | |a Cincinnati : |b Moore, Wilstach and Baldwin, |c 1865. | |
| 264 | 2 | |a [Getzville, New York] : |b William S. Hein and Company, |c [2017] | |
| 300 | |a 1 online resource (842 pages) : |b portrait. | ||
| 336 | |a text |b txt |2 rdacontent | ||
| 337 | |a computer |b c |2 rdamedia | ||
| 338 | |a online resource |b cr |2 rdacarrier | ||
| 490 | 1 | |a HeinOnline slavery in America and the world: history, culture & law | |
| 490 | 1 | |a HeinOnline core collection | |
| 490 | 1 | |a HeinOnline U.S. presidential library | |
| 490 | 1 | |a HeinOnline Spinelli's law library reference shelf | |
| 588 | |a Description based on PDF title page, viewed May 14, 2017. | ||
| 600 | 1 | 0 | |a Lincoln, Abraham, |d 1809-1865. |
| 655 | 7 | |a Electronic books. |2 local | |
| 830 | 0 | |a Slavery in America and the world: history, culture & law. | |
| 830 | 0 | |a Core collection. | |
| 830 | 0 | |a U.S. presidential library. | |
| 830 | 0 | |a Spinelli's law library reference shelf. | |
| 856 | 4 | 0 | |u http://proxy.library.tamu.edu/login?url=https://www.heinonline.org/HOL/Page?handle=hein.presidents/lfabln0001&id=1&size=2&collection=slavery&index=slavery |z Connect to the full text of this electronic book |t 0 |
| 949 | |a E 457 .B37 1865 |w LC |c 1 |i 799188-1001 |d 5/14/2017 |l MAIN |m HEN |q 1 |r Y |s Y |t WEB |u 5/14/2017 |x ENG |z N-US | ||
| 999 | f | f | |s 8595e459-8073-3b6f-b8bf-554c0193f250 |i cbf3bc97-6c83-3a26-bffb-93dd47657905 |t 0 |
| 952 | f | f | |a Texas A&M University |b College Station |c Electronic Resources |d Available Online |t 0 |e E457 .B37 1865 |h Library of Congress classification |
| 998 | f | f | |a E457 .B37 1865 |t 0 |l Available Online |